Представление документа в формате RUSMARC

ПолеНазваниеЗначение
  Тип записи a
  Библиографический уровень a
001 Контрольный номер UONB/MAIN/e77679b6eef94df484b33c743fa0ee5b
005 Дата корректировки 20260403112226.4
100 Данные общей обработки __
a Данные общей обработки 20260403 ||| 0rusy0189 ca
101 Язык документа 0_
a Язык текста rus
102 Страна публикации __
a Страна публикации RU
200 Заглавие и сведения об ответственности 1_
a Заглавие Культурная жизнь города в конце XIX - начале XX века
203 Вид содержания и тип средства __
a Вид содержания Текст
b Характеристика содержания визуальный
c Тип средства непосредственный
215 Физическое описание __
c Иллюстрации/тип воспроизводства ил., фот.
330 Аннотация __
a Аннотация История г. Сенгилея в конце XIX - начале XX века.
461 Уровень набора _0
1 2000
a Волжские зори
463 Уровень физической единицы _0
1 2000
a № 13 (7163) (27 марта)
v С. 4
1 2101
d 2026
1 001UONB/MAIN/b05d3d9194c94da69b65aad87fd0d284
600 Персоналии _1
a Персоналии (Фамилия) Чириков
b Персоналии (Имя, инициалы) Е. Н.
g Полное имя Евгений Николаевич
600 Персоналии _1
a Персоналии (Фамилия) Сысоев
b Персоналии (Имя, инициалы) Ф. И.
g Полное имя Федор Иванович
600 Персоналии _1
a Персоналии (Фамилия) Захарьин
b Персоналии (Имя, инициалы) Н. Н.
g Полное имя Николай Николаевич
600 Персоналии _1
a Персоналии (Фамилия) Кузьмин
b Персоналии (Имя, инициалы) В. М.
g Полное имя Викентий Миныч
600 Персоналии _1
a Персоналии (Фамилия) Мольков
b Персоналии (Имя, инициалы) М. В.
g Полное имя Михаил Васильевич
600 Персоналии _1
a Персоналии (Фамилия) Бабошин
b Персоналии (Имя, инициалы) И. Н.
g Полное имя Иван Николаевич
601 Наименование организации как предмет 02
a Наименование организации как предмет Сенгилеевский районный краеведческий музей им. А. И. Солуянова
607 Географические рубрики __
a Географическое наименование Сенгилей, город (Сенгилеевский район ; Ульяновская область)
610 Ключевые слова 0_
a Ключевые слова история городов; города Ульяновской области; публичные библиотеки; писатели; самодеятельные театры; типографии; история музеев; живописцы; фотографы
686 Индексы других классификаций __
2 Код системы rubbk
a Классификационный индекс 63.39
801 Источник записи _0
a Страна RU
b Организация Ульяновская ОНБ
c Дата составления 20260403
g Правила каталогизации RCR
801 Источник записи _1
a Страна RU
b Организация Ульяновская ОНБ
c Дата составления 20260403
g Правила каталогизации RCR
901 Тип документа __
t Тип документа f
w Контрольный № источника UONB/MAIN/b05d3d9194c94da69b65aad87fd0d284
909 Создатель записи __
a Создатель записи Мухаметжанова
b Дата создания записи 20260403